| 000 | 00701pam a2200241 a 4500 | ||
|---|---|---|---|
| 001 | 000610979 | ||
| 003 | AM-YeHGA | ||
| 005 | 20250617135632.0 | ||
| 008 | 860314s1986 nyua b 001 0 eng d | ||
| 020 | _a0444010823 (pbk.) | ||
| 040 | _aAM-YeHGA | ||
| 041 | 0 | _aeng | |
| 100 | 1 | _aDavis, Leonard G. | |
| 245 | 1 | 0 |
_aBasic methods in molecular biology / _cLeonard G. Davis, Mark D. Dibner, James F. Battey. |
| 260 |
_aNew York : _bElsevier, _c1986. |
||
| 300 |
_axi, 388 p. : _bill. ; _c26 cm. |
||
| 504 | _aIncludes bibliographies and index. | ||
| 650 | 1 | 4 |
_aMolecular biology _xMethodology. |
| 700 | 1 | _aDibner, Mark D. | |
| 700 | 1 | _aBattey, James F. | |
| 942 |
_2udc _cBK |
||
| 090 | _c205799 | ||
| 999 |
_c204304 _d204304 |
||